000 00716nam a2200217Ia 4500
003 GCL
008 140319s9999 xx 000 0 ara d
020 _a0029509977
040 _aGCL /
_cGCL
082 0 4 _a796.33
_bح ن
100 1 _aحسن المستكاوى
245 1 0 _aالنادى الاهلى: 1907 - 1997 قصة الرياضة والوطنية /
_cحسن المستكاوى
250 _aالاولى
260 _aالقاهرة :
_bدار الشروق ،
_c1996
300 _a285 ص ؛
_c24 سم
490 _aالهيئة العامة للاستعلامات
_v0
650 0 4 _aالرياضة
650 0 4 _aكرة القدم, نوادى
650 0 4 _aالنادى الاهلى
942 _2ddc
_cBK
999 _c49791
_d49791